000
00314nam a22001337a 4500
008
171023b xxu||||| |||| 00| 0 eng d
020
_a
0205122450
041
_a
eng
080
_a
338
100
_a
54
101
_a
MO
245
_a
READINGS IN PRODUCTION AND OPERATIONS MANAGEMENT
_c
AHMADIAN,A
942
_2
udc
_c
BK
999
_c
35454
_d
35454